Szczegóły MARC21

Zarządzanie w przedsiębiorstwie PKP /

003 -Nazwa inst., której nr kontr. jest w polu 001 [,]
    • @
    • Nazwa instytucji, której n kontrolny jest w polu 001
    • NUKAT
005 -DATA I CZAS OSTATNIEJ MODYFIKACJI [,]
    • @
    • pole kontrolne
    • 20241231101033.0
040 -Instytucja sporządzająca opis [ , ]
    • a
    • Instytucja, która sporządziła opis (NP)
    • KIEL 008/JK
    • c
    • Instytucja, która sporządziła rekord (NP)
    • KIEL 008/JKs
    • d
    • Instytucja, która zmodyfikowała rekord (P)
    • KIEL 008/JK
942 -Rodzaj dokumentu [ , ]
    • c
    • Rodzaj dokumentu
    • Książka
100 -Hasło główne - nazwa osobowa [1, ]
    • a
    • Nazwa osobowa (NP)
    • Engelhardt, Juliusz.
    • 9
    • KHW
    • 10793
245 -Strefa tytułu i oznaczenia odpowiedzialności [1,0]
    • a
    • Tytuł
    • Zarządzanie w przedsiębiorstwie PKP / Find
    • c
    • Pozostałe elementy strefy tytułu i oznaczenia odpowiedzialności (NP)
    • Juliusz Engelhardt, Paweł Zalewski ; Uniwersytet Szczeciński.
260 -Strefa adresu wydawniczego [ , ]
    • a
    • Miejsce wydania (P)
    • Szczecin :
    • b
    • Nazwa wydawcy (P)
    • Uniwersytet Szczeciński,
    • c
    • Data wydania (P)
    • 1990.
300 -Strefa opisu fizycznego [ , ]
    • a
    • Określenie formy książki i/lub objętość (NP)
    • 324 s. ;
    • c
    • Format (NP)
    • 24 cm.
336 -Typ zawartości [ , ]
    • a
    • Termin opisujący typ zawartości
    • Tekst
    • b
    • Kod określający zawartość
    • txt
    • 2
    • Źródło (terminu i kodu)
    • rdacontent
337 -Typ mediów [ , ]
    • a
    • Tryb odtwarzania
    • Bez urządzenia pośredniczącego
    • b
    • Kod typu mediów
    • n
    • 2
    • Źródło (terminu i kodu)
    • rdamedia
338 -Typ/rodzaj nośnika [ , ]
    • a
    • Hasło opisujące typ nośnika
    • Wolumin
    • b
    • Kod typu nośnika
    • nc
    • 2
    • Źródło (terminu i kodu)
    • rdacarrier
504 -Uwaga dot. bibliogr. załącznikowej [ , ]
    • a
    • Uwaga dot. bibliografii załącznikowej
    • Bibliogr. s. 319-324.
521 -Uwaga dot. przeznaczenia czytelniczego [8, ]
    • a
    • Uwaga dot. przeznaczenia czytelniczego
    • Skrypt dla studentów specjalności transportu lądowego.
610 -Hasło przedmiotowe w formie nazwy ciała zbiorowego [2,7]
    • a
    • Nazwa ciała zbiorowego lub nazwa geograficzna
    • Polskie Koleje Państwowe
    • x
    • Określnik ogólny
    • zarządzanie
    • y
    • Określnik chronologiczny
    • 1945-1990.
    • 2
    • Źródło terminu
    • kaba
    • 9
    • KHW
    • 589524
700 -Hasło dodatkowe - nazwa osobowa [1, ]
    • a
    • Nazwa osobowa (NP)
    • Zalewski, Paweł Find
    • d
    • Daty biograficzne (NP)
    • (1939-2005).
    • 9
    • KHW
    • 18814
710 -Hasło dodatkowe - nazwa ciała zbiorowego [2, ]
    • a
    • Nazwa ciała zbiorowego lub nazwa geograficzna jako pierwszy element (NP)
    • Uniwersytet Szczeciński.
    • 4
    • Kod relacji
    • pbl
    • 9
    • KHW
    • 9119
Numer inwentarzowy Status udost. Data inwentaryzacji Lokalizacja
E.5945121999-02-04BE
S.7053321999-02-04BE
S.7053421999-02-04BE
S.7053521999-02-04BE
S.7053621999-02-04BE
S.7053721999-02-04BE
S.7053821999-02-04BE
S.7053921999-02-04BE
S.7054021999-02-04BE
S.7054121999-02-04BE
S.7054221999-02-04BE
S.7054321999-02-04BE
S.7054421999-02-04BE
S.7054521999-02-04BE
S.7054621999-02-04BE
S.7054721999-02-04BE
S.7054821999-02-04BE
S.7054921999-02-04BE
S.7055021999-02-04BE
S.7055121999-02-04BE
S.7055221999-02-04BE
S.7055321999-02-04BE
S.7055421999-02-04BE
S.7055521999-02-04BE
S.7055621999-02-04BE
S.7055721999-02-04BE
S.7055821999-02-04BE
S.7055921999-02-04BE
S.7056021999-02-04BE
S.7410421999-02-04BE
TS.74106-111999-02-04T
TS.74105-111999-02-04T
TS.74107-111999-02-04T
TS.74108-111999-02-04T
TS.70561-31999-02-04T
TS.70562-31999-02-04T